[Event "ICS rated blitz match"]
[Site "207.99.83.227"]
[Date "1999.03.20"]
[Round "?"]
[White "Hossa"]
[Black "Tus"]
[Result "1-0"]
[WhiteElo "2264"]
[BlackElo "2095"]
[PlyCount "105"]

1. e4 d5 2. exd5 Nf6 3. Bb5+ Bd7 4. Bc4 Bg4 5. f3 Bc8 6. Nc3 Nbd7 7. d3 Nb6 8.
Bf4 Nfxd5 9. Nxd5 Nxd5 10. Bxd5 Qxd5 11. Bxc7 e5 12. Qe2 f6 13. Qd2 Be6 14. Ba5
Bc5 15. Ne2 O-O 16. b4 Bd4 17. c3 Bb6 18. Bxb6 axb6 19. Nc1 Rfd8 20. O-O Bf5
21. Rd1 Rac8 22. a4 Kf8 23. Ra3 e4 24. fxe4 Bxe4 25. a5 b5 26. d4 Bg6 27. Qa2
Qxa2 28. Nxa2 Rc4 29. Kf2 Bf7 30. Nc1 Rdc8 31. Ne2 Bh5 32. Rd3 Bg6 33. Re3 Bh5
34. Nf4 Bf7 35. g4 g5 36. Ne6+ Bxe6 37. Rxe6 Kf7 38. Rb6 Rxc3 39. Rxc3 Rxc3 40.
Rxb7+ Kg6 41. Rxb5 Rc2+ 42. Ke3 Rxh2 43. a6 Rh3+ 44. Kf2 Rh2+ 45. Kf3 Rh3+ 46.
Ke4 Ra3 47. Ra5 Rb3 48. a7 Rxb4 49. a8=Q h5 50. Qg8+ Kh6 51. Kf5 Rb5+ 52. Rxb5
hxg4 53. Qg6# {Tus checkmated} 1-0

[Event "ICS rated bullet match"]
[Site "207.99.83.227"]
[Date "1999.03.20"]
[Round "?"]
[White "Hossa"]
[Black "Partizan"]
[Result "1-0"]
[WhiteElo "2434"]
[BlackElo "2397"]
[PlyCount "43"]

1. e4 e6 2. d4 d5 3. Nc3 dxe4 4. Nxe4 Be7 5. Nf3 Nf6 6. Nxf6+ Bxf6 7. Be2 O-O
8. O-O b6 9. Re1 Bb7 10. Bf4 Nd7 11. Qd3 c5 12. Rad1 cxd4 13. Nxd4 Nc5 14. Qc4
Bd5 15. Qb4 a5 16. Qa3 Bxd4 17. Rxd4 Qf6 18. c3 e5 19. Rxd5 Qxf4 20. c4 Ne4 21.
Qf3 Qxf3 22. Bxf3 {Partizan resigns} 1-0

[Event "ICS rated bullet match"]
[Site "207.99.83.227"]
[Date "1999.03.20"]
[Round "?"]
[White "JSBach"]
[Black "Hossa"]
[Result "0-1"]
[WhiteElo "2102"]
[BlackElo "2448"]
[PlyCount "60"]

1. d4 Nf6 2. Bf4 d5 3. e3 Bf5 4. Bd3 Bxd3 5. Qxd3 Kd7 6. Nf3 Kc8 7. Ng5 Qe8 8.
Nc3 h6 9. Nf3 Na6 10. O-O-O Nb4 11. Qd2 e6 12. a3 Na6 13. Be5 Rg8 14. Rhf1 Qc6
15. Rfe1 Nb8 16. Bxf6 gxf6 17. g3 Qa6 18. e4 Bxa3 19. bxa3 Qxa3+ 20. Kb1 dxe4
21. Rxe4 Rd8 22. Rde1 Rd6 23. Nb5 Rb6 24. Qe2 Qb4+ 25. Kc1 Rxb5 26. Qe3 Ra5 27.
c3 Ra1+ 28. Kc2 Ra2+ 29. Kd3 Qb5+ 30. c4 30... Qb3# {JSBach checkmated} 0-1

[Event "ICS Rated blitz match"]
[Site "207.99.83.227"]
[Date "1999.03.20"]
[Round "?"]
[White "Hossa"]
[Black "rajah"]
[Result "1-0"]
[WhiteElo "2267"]
[BlackElo "2506"]
[PlyCount "61"]

1. e4 Nf6 2. e5 Nd5 3. Nc3 e6 4. Nxd5 exd5 5. Qf3 c6 6. Qg3 d6 7. d4 dxe5 8.
Qxe5+ Be6 9. Bg5 Qb6 10. O-O-O Nd7 11. Qf4 h6 12. Qh4 Bd6 13. Nf3 O-O 14. Bxh6
gxh6 15. Qxh6 Rfe8 16. Bd3 Rad8 17. Bh7+ Kh8 18. Bf5+ Kg8 19. g4 Nf8 20. Qg5+
Kh8 21. h4 Nh7 22. Qh5 Bxf5 23. Qxf5 Re2 24. Ng5 Nxg5 25. hxg5+ Kg8 26. Qf6
Bf4+ 27. Kb1 Bh2 28. Rxh2 Qxb2+ 29. Kxb2 Rxc2+ 30. Kxc2 Re8 31. Qh8# {
rajah checkmated} 1-0

[Event "ICS Rated blitz match"]
[Site "207.99.83.227"]
[Date "1999.03.20"]
[Round "?"]
[White "Tus"]
[Black "Hossa"]
[Result "0-1"]
[WhiteElo "2067"]
[BlackElo "2293"]
[PlyCount "26"]

1. d4 Nf6 2. Nc3 d5 3. e4 Nxe4 4. Nxe4 dxe4 5. Bc4 Nc6 6. f3 Qxd4 7. Qxd4 Nxd4
8. Kd1 exf3 9. gxf3 Bf5 10. Bd2 Bxc2+ 11. Kc1 Bg6 12. Ne2 Nxf3 13. Bb4 13...
Ne5 {Tus resigns} 0-1

[Event "ICS Rated blitz match"]
[Site "207.99.83.227"]
[Date "1999.03.20"]
[Round "?"]
[White "Hossa"]
[Black "Tus"]
[Result "1-0"]
[WhiteElo "2295"]
[BlackElo "2050"]
[PlyCount "32"]

1. e4 d5 2. exd5 Nf6 3. Bb5+ Bd7 4. Bc4 Bg4 5. f3 Bc8 6. Nc3 Nbd7 7. d3 Nb6 8.
Bf4 Bf5 9. Bg3 h5 10. Nge2 h4 11. Bf4 Rc8 12. Nd4 Bg6 13. Bb5+ Nbd7 14. Qd2 a6
15. Bxa6 e6 16. Bxb7 16... Rb8 {Tus resigns} 1-0

[Event "ICS Rated blitz match"]
[Site "207.99.83.227"]
[Date "1999.03.20"]
[Round "?"]
[White "rajah"]
[Black "Hossa"]
[Result "1-0"]
[WhiteElo "2480"]
[BlackElo "2318"]
[Annotator "Crafty v16.6"]
[PlyCount "84"]

{annotating for player Hossa using a scoring margin of +0.10 pawns. search
time limit is 12.00} 1. c4 1... e5 2. Nc3 Nf6 3. Nf3 Nc6 4. e4 Bc5 5. Be2 d6 6.
O-O O-O ({8:-1.01} 6... O-O 7. d3 Bg4 8. Na4 Bb4 9. Ng5 Bxe2 10. Qxe2 10... a5
$16) ({8:-0.60} 6... Bg4 7. Qb3 Bxf3 8. Bxf3 Nd4 9. Qd1 Nxf3+ 10. Qxf3 Bd4 11.
d3 11... Qd7 $14) 7. d3 Be6 8. Nd5 Nd4 ({9:-0.65} 8... Nd4 9. Nxd4 Bxd4 10. Nb4
c6 11. Nc2 d5 12. Nxd4 exd4 13. e5 13... Nd7 $14) ({9:-0.37} 8... Bxd5 9. cxd5
Nd4 10. Nxd4 Bxd4 11. Bg5 c6 12. dxc6 bxc6 13. Rc1 Rb8 14. b4 Rxb4 15. Rxc6 $14
) 9. Nxd4 Bxd4 10. Qb3 Nxd5 11. cxd5 Bc8 12. Bd2 f5 13. Rac1 Qh4 14. Rxc7 fxe4
15. Be3 Qd8 16. Rcc1 exd3 17. Bxd3 Bxe3 18. fxe3 Rxf1+ 19. Rxf1 Qg5 20. Kh1 Qh4
21. Qc2 Bd7 22. Qc7 Qe7 23. Bf5 Rf8 24. Kg1 Rxf5 25. Rxf5 a6 26. Qxb7 Qe8 27.
Rf3 Qc8 28. Qb6 e4 29. Rf4 g5 30. Rf6 Bb5 31. h3 g4 32. hxg4 Qc1+ 33. Kh2 Qc8
34. Rxd6 Bd7 35. Qa7 Be8 36. Qe7 Qb8 37. Kh3 Qc8 38. Rd8 Qxd8 39. Qxd8 Kf7 40.
d6 Bb5 41. d7 Bxd7 42. Qxd7+ Kg6 1-0

[Event "ICS Rated blitz match"]
[Site "207.99.83.227"]
[Date "1999.03.20"]
[Round "?"]
[White "Hossa"]
[Black "newfisher"]
[Result "1-0"]
[WhiteElo "2309"]
[BlackElo "2039"]
[PlyCount "91"]

1. e4 c6 2. Nc3 d5 3. exd5 cxd5 4. Nf3 Nf6 5. Bb5+ Nc6 6. O-O e6 7. Ne5 Bd7 8.
Nxd7 Qxd7 9. Re1 Bd6 10. d4 O-O 11. Bg5 Be7 12. Qf3 a6 13. Bxc6 bxc6 14. Rab1
Rab8 15. Qg3 Kh8 16. Qe5 Qd6 17. Bxf6 gxf6 18. Qe3 f5 19. Qh6 Rg8 20. Qh5 Rg7
21. Re3 Rbg8 22. Rg3 f4 23. Rxg7 Rxg7 24. a3 Bd8 25. Kh1 Bc7 26. Rd1 Ba5 27.
Ne2 Bd8 28. Re1 Kg8 29. b4 Bc7 30. Ng1 Qd8 31. Nf3 a5 32. bxa5 Bxa5 33. Rb1 Kh8
34. Rb2 Qf6 35. Rb8+ Rg8 36. Ng5 Qg6 37. Nxf7+ Kg7 38. Qxg6+ hxg6 39. Rxg8+
Kxg8 40. Ne5 Bc3 41. Nxg6 Bxd4 42. Nxf4 Bxf2 43. Nxe6 Kf7 44. Nd8+ Ke8 45. Nxc6
Kd7 46. Ne5+ {newfisher resigns} 1-0

[Event "ICS Rated blitz match"]
[Site "207.99.83.227"]
[Date "1999.03.20"]
[Round "?"]
[White "Hossa"]
[Black "kaspinha"]
[Result "1-0"]
[WhiteElo "2315"]
[BlackElo "2225"]
[PlyCount "71"]

1. e4 c6 2. Nc3 d5 3. exd5 cxd5 4. Bb5+ Bd7 5. Nf3 Bxb5 6. Nxb5 Nc6 7. O-O a6
8. Nbd4 Nxd4 9. Nxd4 e6 10. Re1 Be7 11. Qg4 Nf6 12. Qxg7 Rg8 13. Qh6 Rg6 14.
Qf4 Bd6 15. Qf3 Qc7 16. Qh3 O-O-O 17. Re2 Rdg8 18. g3 Kb8 19. d3 h6 20. Kh1 Ka8
21. Be3 Qa5 22. Qf1 Qd8 23. Qe1 h5 24. Nf3 Ng4 25. Bd4 Be7 26. Qd2 h4 27. Qf4
hxg3 28. fxg3 f6 29. Rxe6 Bc5 30. Bxc5 Qc8 31. Qd6 Nxh2 32. Nxh2 Rxg3 33. Qxd5
Rg2 34. Rxa6+ Kb8 35. Ba7+ Kc7 36. Qd6# {kaspinha checkmated} 1-0

[Event "ICS Rated blitz match"]
[Site "207.99.83.227"]
[Date "1999.03.20"]
[Round "?"]
[White "newfisher"]
[Black "Hossa"]
[Result "0-1"]
[WhiteElo "2033"]
[BlackElo "2327"]
[PlyCount "42"]

1. e4 e5 2. Nf3 Nc6 3. Bb5 a6 4. Ba4 Nf6 5. O-O Be7 6. Re1 b5 7. Bb3 O-O 8. d4
exd4 9. Nxd4 Na5 10. e5 Ne8 11. Qf3 Bb7 12. Qg4 Rc8 13. Nc3 Nc6 14. Nxc6 Bxc6
15. f4 Bb4 16. Nd5 Bxe1 17. f5 Qh4 18. Qe2 Bxd5 19. Bxd5 Qd4+ 20. Be3 Qxd5 21.
Rxe1 21... Qxe5 {newfisher resigns} 0-1

[Event "ICS rated blitz match"]
[Site "207.99.83.227"]
[Date "1999.03.20"]
[Round "?"]
[White "Gromit211"]
[Black "Hossa"]
[Result "1-0"]
[WhiteElo "2583"]
[BlackElo "2332"]
[Annotator "Crafty v16.6"]
[PlyCount "91"]

{annotating for player Hossa using a scoring margin of +0.10 pawns. search
time limit is 12.00} 1. d4 1... Nf6 2. c4 g6 3. Nc3 Bg7 4. Nf3 d5 5. Qb3 dxc4
6. Qxc4 O-O 7. e3 Nbd7 8. Be2 Nb6 9. Qd3 Bf5 10. e4 Be6 11. O-O Rc8 12. Bg5 Qe8
13. Ne5 Nfd7 14. Nxd7 Bxd7 15. Qe3 e5 16. dxe5 Qxe5 17. Rad1 Bc6 18. f4 Qa5 19.
e5 Na4 20. Rd2 Rce8 21. Nxa4 Qxa4 22. b3 Qb4 23. Bc4 Kh8 24. Rd4 Qc5 25. b4 Qb6
26. Qf2 Ba4 27. Bd5 Bb5 28. Rfd1 c6 29. Bb3 Ba6 30. Bc2 Re6 31. a4 c5 32. Bd8
Qc6 33. b5 Bxb5 34. axb5 Qxb5 35. Rd7 f6 36. Be7 Rxe7 37. Rxe7 Re8 38. Qh4 Kg8
39. Bb3+ c4 40. Bxc4+ Qxc4 41. Rxg7+ Kxg7 42. Rd7+ Qf7 43. Qxf6+ Kh6 44. Rxf7
Rxe5 45. Qxe5 b5 46. Qg5# 1-0

[Event "ICS rated bullet match"]
[Site "207.99.83.227"]
[Date "1999.03.20"]
[Round "?"]
[White "Hossa"]
[Black "JSBach"]
[Result "1-0"]
[WhiteElo "2452"]
[BlackElo "2103"]
[PlyCount "97"]

1. e4 e5 2. Nf3 Qf6 3. Bd3 Nc6 4. O-O Nb4 5. Bc4 Bc5 6. d3 Qe7 7. Be3 Bxe3 8.
fxe3 Nf6 9. a3 Nc6 10. Bb5 Nd8 11. Nc3 c6 12. Bc4 b5 13. Bb3 Ng4 14. Qe2 O-O
15. d4 Ba6 16. h3 exd4 17. exd4 Nf6 18. e5 Re8 19. Nh4 Rc8 20. Nf5 Qf8 21. Nd6
Re7 22. Qd2 Ne8 23. Nxc8 Bxc8 24. Qg5 d6 25. exd6 Nxd6 26. Rae1 Ne6 27. Bxe6
Bxe6 28. d5 b4 29. axb4 a5 30. bxa5 cxd5 31. Nxd5 Rb7 32. Rxe6 fxe6 33. Rxf8+
Kxf8 34. Qd8+ Ne8 35. Qc8 Rxb2 36. Nc7 Ke7 37. Qxe8+ Kd6 38. Qxe6+ Kxc7 39.
Qe5+ Kc6 40. Qxb2 g5 41. a6 Kc7 42. Qb7+ Kd6 43. Qxh7 g4 44. hxg4 Kc6 45. a7
Kd5 46. a8=Q+ Kd6 47. Qb8+ Kc5 48. Qd3 Kc6 49. Qdd6# {JSBach checkmated} 1-0

[Event "ICS rated blitz match"]
[Site "207.99.83.227"]
[Date "1999.03.20"]
[Round "?"]
[White "Hossa"]
[Black "rajah"]
[Result "0-1"]
[WhiteElo "2326"]
[BlackElo "2489"]
[Annotator "Crafty v16.6"]
[PlyCount "115"]

{annotating for player Hossa using a scoring margin of +0.10 pawns. search
time limit is 12.00} 1. e4 1... d5 2. exd5 Nf6 3. Bb5+ ({9:+0.51} 3. Bb5+ 3...
Bd7 4. Bc4 b5 5. Bb3 Na6 6. Nf3 Nc5 7. Nc3 Nxb3 8. axb3 $14) ({9:+0.63} 3. c4
3... c6 4. dxc6 Nxc6 5. Nf3 Nd4 6. Nxd4 Qxd4 7. Be2 Be6 8. Na3 $14) 3... Bd7 4.
Bc4 Bg4 5. f3 Bf5 6. Nc3 ({9:+0.57} 6. Nc3 6... Nbd7 7. Qe2 Nb6 8. Bb3 Qd6 9.
g4 Bd7 10. Nb5 $14) ({9:+0.78} 6. g4 6... Bc8 7. Nc3 Nbd7 8. g5 Nh5 9. Bb5 Nf4
10. Nge2 $16) 6... Nbd7 7. Qe2 Nb6 8. Bb5+ ({8:+0.26} 8. Bb5+ 8... Bd7 9. d6
cxd6 10. Nh3 Nbd5 11. Nxd5 Nxd5 12. Bxd7+ Qxd7 13. O-O 13... Qf5 $10) ({8:+0.54
} 8. g4 8... Nxc4 9. Qxc4 Bxc2 10. Nb5 c6 11. Nd4 Bg6 12. dxc6 $14) 8... Bd7 9.
Nh3 ({8:-0.17} 9. Nh3 9... Nfxd5 10. Nxd5 Nxd5 11. Bxd7+ Qxd7 12. O-O O-O-O 13.
c4 13... Nb6 $10) ({8:-0.04} 9. d6 9... c6 10. Bd3 Be6 11. Ne4 exd6 12. Ng5 Qd7
13. Nxe6 13... fxe6 $10) 9... Nbxd5 10. Nxd5 ({7:-0.23} 10. Nxd5 10... Nxd5 11.
Ng5 Nf4 12. Qc4 Nxg2+ 13. Kf2 Bxb5 14. Qxf7+ Kd7 15. Qe6+ Ke8 16. Kxg2 $10) ({
7:-0.01} 10. Ne4 10... e6 11. Nxf6+ Nxf6 12. Ng5 Bc5 13. Qc4 Bd4 14. Rf1 Bxb5
15. Qxb5+ $10) 10... Nxd5 11. Ng5 e6 12. d4 Bb4+ 13. Kf2 h6 14. Ne4 c6 15. Bd3
f5 16. Ng3 Qf6 17. c3 Be7 18. Re1 c5 19. Bb5 cxd4 20. Bxd7+ Kxd7 21. Qb5+ Kc8
22. Qc4+ Kb8 23. cxd4 f4 24. Nf1 Bb4 25. Re4 Rc8 26. Qb3 a5 27. Qa4 Ra6 28. Kg1
Rac6 29. Bd2 Bxd2 30. Nxd2 Rc1+ 31. Re1 Nb6 32. Qxa5 Qxd4+ 33. Kh1 Qxb2 34.
Raxc1 Rxc1 35. Nf1 Nc4 36. Qd8+ Ka7 37. Rxc1 Qxc1 38. Qd4+ Ka6 39. Kg1 g5 40.
Qc5 Qc3 41. h3 e5 42. Qc8 Qd4+ 43. Kh2 Ne3 44. Qc1 Qd3 45. Nxe3 fxe3 46. Qc8 e2
47. Qe6+ b6 48. Qc8+ Ka5 49. Qa8+ Kb4 50. Qf8+ Kc3 51. Qa3+ Kc2 52. Qa4+ Kd2
53. Qb4+ Kd1 54. Qxb6 e1=Q 55. a4 g4 56. Qg6 Qxg6 57. hxg4 Qh4+ 58. Kg1 0-1

[Event "ICS rated bullet match"]
[Site "207.99.83.227"]
[Date "1999.03.20"]
[Round "?"]
[White "rajah"]
[Black "Hossa"]
[Result "1-0"]
[WhiteElo "2408"]
[BlackElo "2456"]
[Annotator "Crafty v16.6"]
[PlyCount "141"]

{annotating for player Hossa using a scoring margin of +0.10 pawns. search
time limit is 12.00} 1. e4 1... d6 2. d4 e6 3. Nf3 Be7 4. Bd3 a6 ({9:-0.75} 
4... a6 5. e5 Nc6 6. O-O dxe5 7. dxe5 Nb4 8. Be2 Qxd1 9. Bxd1 9... Nh6 $16) ({
9:-0.36} 4... Nf6 5. O-O O-O 6. Bg5 Nc6 7. Qd2 Ng4 8. Qf4 Bxg5 9. Nxg5 $14) 5.
O-O Nd7 ({9:-0.84} 5... Nd7 6. e5 b6 7. Nc3 Bb7 8. exd6 Bxd6 9. Ng5 Ngf6 10.
Be3 $16) ({9:-0.61} 5... Nf6 6. Nc3 O-O 7. Bg5 Nc6 8. Qd2 Nb4 9. Bc4 9... Bd7
$14) 6. Nc3 Ngf6 7. e5 dxe5 8. dxe5 Nd5 9. Nxd5 exd5 10. c4 dxc4 11. Bxc4 O-O
12. Be3 Nb6 13. Bxb6 cxb6 14. Bd5 a5 15. Rc1 Qd7 16. Qd4 Bc5 17. Qe4 Rd8 18.
Rfd1 Qe7 19. Rd2 Bb4 20. Rd3 Bc5 21. Rcd1 Kh8 22. h4 h6 23. Bc4 Rf8 24. a3 Ra7
25. R1d2 Ra8 26. Bd5 Re8 27. Qf4 Rf8 28. h5 Rb8 29. Bc4 Ra8 30. a4 Rb8 31. Rd1
Ra8 32. Qe4 Bb4 33. b3 Bc5 34. R1d2 Bb4 35. Rc2 Re8 36. Qf4 Kg8 37. Bd5 Qd7 38.
Nh4 Bc5 39. Rc4 Ra7 40. Kh1 Ra6 41. Rcc3 Ra8 42. Bc4 Qe7 43. Ng6 Qc7 44. Kg1
Bb4 45. Rc1 Ba3 46. Ra1 Bb4 47. Bb5 Re6 48. Rc1 Bc5 49. Bc4 fxg6 50. hxg6 Kh8
51. Bxe6 Bxe6 52. Rcc3 Kg8 53. Qe4 Rf8 54. Re3 Qd8 55. Rcd3 Bxe3 56. Rxd8 Bxf2+
57. Kf1 Rxd8 58. Kxf2 Rd5 59. Ke1 b5 60. axb5 Rxb5 61. Qe2 Rxb3 62. Qd2 Kh8 63.
Qxa5 Rb2 64. Qd8+ Bg8 65. e6 Ra2 66. e7 Ra1+ 67. Kf2 Ra2+ 68. Ke3 Ra8 69. Qxa8
b5 70. Qxg8+ Kxg8 71. e8=Q# 1-0

[Event "ICS rated bullet match"]
[Site "207.99.83.227"]
[Date "1999.03.20"]
[Round "?"]
[White "Hossa"]
[Black "rajah"]
[Result "1-0"]
[WhiteElo "2438"]
[BlackElo "2426"]
[PlyCount "151"]

1. e4 c6 2. Nc3 d5 3. exd5 cxd5 4. Bb5+ Bd7 5. Nf3 Bxb5 6. Nxb5 Nf6 7. O-O Nc6
8. d3 a6 9. Nbd4 Nxd4 10. Nxd4 e6 11. c4 dxc4 12. dxc4 Rc8 13. Qa4+ Qd7 14.
Qxd7+ Nxd7 15. b3 Bc5 16. Nf3 O-O 17. Bg5 f6 18. Rad1 Rfd8 19. Bd2 e5 20. Ba5
b6 21. Bc3 Nf8 22. Rfe1 Ne6 23. Rxd8+ Rxd8 24. b4 Bf8 25. Kf1 g5 26. h3 h5 27.
a4 g4 28. hxg4 Rd3 29. Bxe5 fxe5 30. gxh5 Bxb4 31. Rxe5 Nc5 32. Re8+ Kg7 33.
Ke2 Rc3 34. Ne5 Rc2+ 35. Kf3 Nxa4 36. Ra8 a5 37. Ra7+ Kh6 38. g4 Bc5 39. Nf7+
Kg7 40. Ng5+ Kf8 41. Nh7+ Ke8 42. Nf6+ Kd8 43. Ne4 Rxc4 44. h6 Bd4 45. g5 Nc3
46. Nxc3 Rxc3+ 47. Ke4 Rc4 48. Kd5 b5 49. Rxa5 Bc3 50. Rxb5 Rh4 51. Rb8+ Kc7
52. Rf8 Kb6 53. f4 Rh3 54. Rb8+ Kc7 55. Rb3 Kc8 56. Kc4 Rh4 57. Rxc3 Kb8 58.
Kd5 Rh5 59. Kd6 Rh4 60. f5 Rd4+ 61. Kc6 Rd8 62. g6 Rc8+ 63. Kd5 Rxc3 64. g7
Rd3+ 65. Ke4 Rd1 66. g8=Q+ Kc7 67. Qc4+ Kd8 68. Qd3+ Rxd3 69. Kxd3 Kc8 70. h7
Kb8 71. Kd4 Kc8 72. Kc5 Kc7 73. h8=Q Kd7 74. Qg7+ Kd8 75. Kd6 Kc8 76. Qc7# {
rajah checkmated} 1-0

[Event "ICS rated bullet match"]
[Site "207.99.83.227"]
[Date "1999.03.20"]
[Round "?"]
[White "JSBach"]
[Black "Hossa"]
[Result "1-0"]
[WhiteElo "2099"]
[BlackElo "2453"]
[Annotator "Crafty v16.6"]
[PlyCount "88"]

{annotating for player Hossa using a scoring margin of +0.10 pawns. search
time limit is 12.00} 1. e4 1... d6 2. Bc4 Nf6 3. Nc3 Nc6 ({8:-0.52} 3... Nc6 4.
Nf3 Bg4 5. O-O Nd4 6. Be2 Nxe2+ 7. Qxe2 c6 8. d4 $14) ({8:-0.40} 3... e6 4. Nf3
d5 5. exd5 exd5 6. Bb5+ c6 7. Bd3 d4 8. Ne4 $14) 4. Nge2 Nxe4 ({9:-0.85} 4...
Nxe4 5. Bxf7+ Kxf7 6. Nxe4 Bg4 7. f3 Bf5 8. Ng5+ Ke8 9. Ng3 e6 10. Nxf5 10...
exf5 $16) ({9:-0.32} 4... e6 5. O-O Be7 6. d4 O-O 7. Bf4 e5 8. Be3 8... Bg4 $14
) 5. Nxe4 d5 6. Bd3 dxe4 7. Bxe4 Bd7 ({8:-0.69} 7... Bd7 8. O-O e6 9. Nc3 f5
10. Bd3 Qh4 11. Re1 $14) ({8:-0.13} 7... Qd6 8. O-O Bg4 9. f3 Be6 10. Bxc6+
Qxc6 11. Nd4 Qd5 12. c3 $10) 8. d4 e6 9. Bf4 Be7 ({8:-0.85} 9... Be7 10. O-O
Bg5 11. Bg3 Be7 12. Qd3 Bd6 13. Bxd6 13... cxd6 $16) ({8:-0.37} 9... Bd6 10.
O-O Qh4 11. g3 Qe7 12. d5 Bxf4 13. Nxf4 13... Na5 $14) 10. O-O O-O 11. Qd3 f5
12. Bf3 g5 13. Bxc6 Bxc6 14. Be5 Qd5 15. f3 Bb4 16. c4 Qa5 17. a3 Bd6 18. Bxd6
cxd6 19. Qe3 Rf6 20. Qxg5+ Rg6 21. Qe7 Qd2 22. Kf2 Qxb2 23. Qxd6 Rxg2+ 24. Kxg2
Qxe2+ 25. Rf2 Qxc4 26. Rg1 Qd5 27. Qe7 Qxd4 28. Qxe6+ Kh8 29. Kh1 Re8 30. Qxf5
Qc3 31. Qf7 Rd8 32. a4 b6 33. h3 a5 34. Kh2 Qe5+ 35. Rg3 Bxa4 36. f4 Bb3 37.
Qxb3 Qf6 38. Rfg2 Qg6 39. Qb2+ Rd4 40. Qxd4+ Kg8 41. Rxg6+ hxg6 42. Rxg6+ Kf7
43. Rg7+ Kf8 44. Qf6+ Ke8 1-0

[Event "ICS Rated blitz match"]
[Site "207.99.83.227"]
[Date "1999.03.20"]
[Round "?"]
[White "Hossa"]
[Black "JudgeTurpin"]
[Result "0-1"]
[WhiteElo "2317"]
[BlackElo "2424"]
[Annotator "Crafty v16.6"]
[PlyCount "113"]

{annotating for player Hossa using a scoring margin of +0.10 pawns. search
time limit is 12.00} 1. e4 1... e5 2. Nf3 Nc6 3. Bc4 ({8:-0.12} 3. Bc4 3... Bb4
4. O-O Nf6 5. d4 Nxe4 6. Nxe5 6... O-O $10) ({8:-0.01} 3. Bb5 3... Bc5 4. Nc3
Nge7 5. Na4 Bb4 6. Bxc6 Nxc6 7. O-O $10) 3... Bc5 4. c3 ({8:-0.27} 4. c3 4...
Nf6 5. d4 exd4 6. e5 Ne4 7. cxd4 7... Na5 $10) ({8:+0.02} 4. d4 4... exd4 5.
Ng5 d5 6. Bxd5 Nh6 7. O-O 7... O-O $10) 4... Qe7 5. O-O Nf6 6. d4 Bb6 7. d5 Nd8
8. d6 ({9:-0.85} 8. d6 8... Qxd6 9. Qxd6 cxd6 10. Nbd2 O-O 11. Nh4 Ne6 12. Nf5
12... Bc5 $17) ({9:+0.24} 8. Bg5 8... d6 9. Nfd2 O-O 10. Qf3 c5 11. dxc6 Nxc6
12. Bxf6 Qxf6 13. Qxf6 13... gxf6 $10) 8... Qxd6 9. Qxd6 cxd6 10. Bd3 ({9:-0.96
} 10. Bd3 10... Ne6 11. b4 O-O 12. Na3 d5 13. exd5 Nxd5 14. Nc4 Bc7 15. Nfxe5
15... Nxc3 $17) ({9:-0.71} 10. Nbd2 10... Nc6 11. Nh4 Ne7 12. Bd3 O-O 13. Nc4
Bc5 14. Bg5 $17) 10... Ne6 11. Bc2 Bc7 12. Re1 b6 13. Na3 Ba6 14. Bg5 Nxg5 15.
Nxg5 Ke7 16. Rad1 h6 17. Nf3 Rab8 18. Bd3 Bxd3 19. Rxd3 b5 20. c4 a6 21. cxb5
Ba5 22. Re2 axb5 23. Nc2 Rbc8 24. Ra3 Ra8 25. Rb3 Rhb8 26. a3 g6 27. Rd3 Rc8
28. Nce1 Rc4 29. b4 Bb6 30. Nd2 Rc1 31. Nf1 Ng4 32. Nf3 f5 33. exf5 Nxf2 34.
f6+ Ke6 35. Rxf2 e4 36. Nd4+ Kf7 37. Nb3 Bxf2+ 38. Kxf2 Rxf1+ 39. Kxf1 exd3 40.
Nd4 Rxa3 41. Nf3 Ra2 42. g4 Rb2 43. Ke1 Rxb4 44. Kd2 Rxg4 45. Kxd3 Kxf6 46. Ke3
Rg2 47. Kd3 b4 48. Kc4 Rg4+ 49. Kd5 b3 50. Nd2 b2 51. h3 Rg1 52. Ne4+ Kf5 53.
Nf2 b1=Q 54. Kxd6 Qb4+ 55. Kxd7 Qb7+ 56. Kd6 Rc1 57. Ng4 0-1

[Event "ICS rated bullet match"]
[Site "207.99.83.227"]
[Date "1999.03.20"]
[Round "?"]
[White "TDChess"]
[Black "Hossa"]
[Result "1-0"]
[WhiteElo "2665"]
[BlackElo "2425"]
[Annotator "Crafty v16.6"]
[PlyCount "123"]

{annotating for player Hossa using a scoring margin of +0.10 pawns. search
time limit is 12.00} 1. Nf3 1... Nc6 2. e4 Nf6 3. e5 Ng4 4. d4 d6 5. Bb5 dxe5
6. Bxc6+ bxc6 7. Nxe5 Nxe5 8. dxe5 Qxd1+ 9. Kxd1 Rb8 10. b3 Bg4+ 11. f3 Rd8+
12. Bd2 Bd7 13. Kc1 g6 14. Re1 Bg7 15. Ba5 Be6 16. Bxc7 Bh6+ 17. Kb2 Rd7 18.
Ba5 Rd5 19. Bc3 O-O 20. Re4 Rfd8 21. Na3 Bf5 22. Rc4 c5 23. Nb5 R8d7 24. Ra4
Rb7 25. Nxa7 Bd7 26. Ra6 Bg5 27. Nc6 Bxc6 28. Rxc6 Bf4 29. Rc8+ Kg7 30. e6+ f6
31. g3 Bd6 32. Re1 Rh5 33. Re2 Rf5 34. f4 g5 35. fxg5 Rxg5 36. Bd2 Rd5 37. Bf4
Bxf4 38. gxf4 Kg6 39. c4 Rf5 40. Rg8+ Kh6 41. Re3 Rh5 42. h3 Rf5 43. Rg4 Kh5
44. a4 Rb4 45. a5 Rb7 46. Ka3 Rc7 47. Ka4 Rb7 48. Rd3 Rb4+ 49. Ka3 Rb8 50. Rd7
Ra8 51. Ka4 Rb8 52. Rxe7 Rh8 53. Reg7 h6 54. a6 Rc8 55. a7 Ra8 56. Kb5 Re8 57.
Rg8 Rxe6 58. a8=Q Rfe5 59. fxe5 Rxe5 60. Qf3 Rg5 61. R4xg5+ Kh4 62. Rh5# 1-0

[Event "ICS rated blitz match"]
[Site "207.99.83.227"]
[Date "1999.03.20"]
[Round "?"]
[White "Integrator"]
[Black "Hossa"]
[Result "0-1"]
[WhiteElo "2008"]
[BlackElo "2306"]
[PlyCount "42"]

1. d4 Nf6 2. c4 g6 3. Nc3 Bg7 4. e4 d6 5. f3 O-O 6. Be2 e5 7. Be3 exd4 8. Bxd4
Nc6 9. Bf2 Be6 10. Qd2 Ne5 11. b3 Re8 12. Nh3 Bxh3 13. gxh3 Qd7 14. h4 Qh3 15.
O-O-O Nxf3 16. Bxf3 Qxf3 17. Bd4 Nxe4 18. Nxe4 Bxd4 19. Qxd4 Rxe4 20. Qd5 Qc3+
21. Kb1 21... Re2 {Integrator resigns} 0-1

[Event "ICS Rated blitz match"]
[Site "207.99.83.227"]
[Date "1999.03.20"]
[Round "?"]
[White "Hossa"]
[Black "Amateur"]
[Result "0-1"]
[WhiteElo "2310"]
[BlackElo "2390"]
[Annotator "Crafty v16.6"]
[PlyCount "97"]

{annotating for player Hossa using a scoring margin of +0.10 pawns. search
time limit is 12.00} 1. e4 1... e6 2. d4 d5 3. Nc3 Nf6 4. e5 Nfd7 5. Nf3 c5 6.
Bg5 Qb6 7. Bb5 ({8:-0.32} 7. Bb5 7... a6 8. Bxd7+ Nxd7 9. Na4 Qb5 10. c3 h6 11.
Bh4 Qc4 12. dxc5 12... Nxc5 $15) ({8:-0.13} 7. Na4 7... Qa5+ 8. c3 cxd4 9. Nxd4
Nxe5 10. Bb5+ Bd7 11. Bxd7+ Nbxd7 12. O-O Nc5 13. Nxc5 13... Qxc5 $10) 7... a6
8. Bxd7+ Bxd7 9. Ne2 ({9:-0.68} 9. Ne2 9... Qxb2 10. O-O Ba4 11. Rb1 Qxc2 12.
Qxc2 Bxc2 13. Rxb7 13... c4 $15) ({9:-0.25} 9. Rb1 9... cxd4 10. Qxd4 Qxd4 11.
Nxd4 Nc6 12. Nxc6 Bxc6 13. O-O Bb4 14. Rfd1 Bxc3 15. bxc3 $10) 9... Qxb2 10.
O-O Ba4 11. Rb1 Qxc2 12. Qxc2 Bxc2 13. Rxb7 Be4 14. Ne1 Nc6 15. dxc5 Bxc5 16.
Rc7 Be7 17. Bh6 gxh6 18. Rxc6 Kd7 19. Nd4 Rhc8 20. Rb6 Rcb8 21. Rb3 Rxb3 22.
Nxb3 Rc8 23. Nd2 Bf5 24. h3 h5 25. Kh2 f6 26. exf6 Bxf6 27. Nb3 d4 28. Nf3 e5
29. Re1 Kd6 30. Nbd2 Kd5 31. Nf1 Rc2 32. Ng3 Bg6 33. Rb1 Rxa2 34. Rb6 Be7 35.
Nh1 e4 36. Ng1 e3 37. Nf3 exf2 38. Nxf2 Rxf2 39. Rxa6 d3 40. Kg3 Bc5 41. Ra1 d2
42. Rd1 Be3 43. h4 Bc2 44. Rxd2+ Rxd2 45. Nxd2 Bxd2 46. Kf2 Bc3 47. Kg1 Be1 48.
Kf1 Bxh4 49. Ke2 0-1

[Event "ICS rated blitz match"]
[Site "207.99.83.227"]
[Date "1999.03.20"]
[Round "?"]
[White "Papasito"]
[Black "Hossa"]
[Result "0-1"]
[WhiteElo "2108"]
[BlackElo "2298"]
[PlyCount "62"]

1. e4 c5 2. Nc3 Nc6 3. g3 Nf6 4. Bg2 e5 5. d3 Be7 6. f4 O-O 7. Nf3 exf4 8. gxf4
d5 9. O-O d4 10. Ne2 Ng4 11. Ng3 Ne3 12. Bxe3 dxe3 13. Qe2 Nd4 14. Qd1 Bg4 15.
c3 Ne6 16. Ne2 Qd6 17. f5 Nf4 18. Nxf4 Qxf4 19. Qe2 Bd6 20. Bh1 Bh3 21. Rfe1
Qg4+ 22. Bg2 f6 23. Kh1 Bxg2+ 24. Qxg2 Qxg2+ 25. Kxg2 Bf4 26. Kf1 Rac8 27. c4
Rfd8 28. Ke2 Kf7 29. Rab1 a5 30. h3 g5 31. Nh2 31... Bxh2 {Papasito resigns}
0-1

[Event "ICS Rated blitz match"]
[Site "207.99.83.227"]
[Date "1999.03.20"]
[Round "?"]
[White "Hossa"]
[Black "Tus"]
[Result "1-0"]
[WhiteElo "2306"]
[BlackElo "2151"]
[PlyCount "30"]

1. e4 d5 2. exd5 Nf6 3. c4 e6 4. dxe6 Bxe6 5. Nf3 Qe7 6. Be2 Bxc4 7. d3 Bd5 8.
O-O Nc6 9. Nc3 O-O-O 10. Nxd5 Nxd5 11. Re1 Qd6 12. Ng5 Ne5 13. d4 Re8 14. Bg4+
Kb8 15. Rxe5 15... Rxe5 {Tus resigns} 1-0